LEADER 01438nam a2200337 a 4500 001 000000126806 003 CaOOAMICUS 005 20111104120858.0 008 111104s2011 it u000 u ita r 020 $a978-88-15-14925-1 040 $aPUL$bita 041 1 $aita$heng 082 04$a340.5 100 1 $aGlenn, H. Patrick.$0(OLS)http://pul/name/80894 240 10$aLegal traditions of the world.$lItaliano.$0(OLS)http://pul/title/160194 245 10$aTradizioni giuridiche nel mondo :$bla sostenibilitą della differenza /$cH. Patrick Glenn. 260 $aBologna :$bIl Mulino,$c©2011. 300 $aXXII, 676 p. ;$c22 cm. 490 1 $aCollezione di testi e studi. Diritto. 500 $aInclude indice. 504 $aBibliografia p. [601]-631. 650 4$aDiritto comparato.$0(OLS)http://pul/subject/489 830 0$aCollezione di testi e di studi.$pDiritto.$0(OLS)http://pul/title/17552 850 $aPUL 852 $aPUL$W1$xSL Diritto e Scienze Sociali 3$y79$m340. 5 GLEPA 1$j146629$qDDC 21$q $B145327$CPULBib$Z2$F145327 $H118161 $81 941 1 $a9 996 $6020$a978-88-15-14925-1$9(OLS)http://pul/number/148362 996 $6082$a340.5$9(OLS)http://pul/classification/1655 996 $6245$aTradizioni giuridiche nel mondo :$bla sostenibilitą della differenza$9(OLS)http://pul/title/160195 996 $6260$aBologna :$bIl Mulino$9(OLS)http://pul/publisher/47928 LEADER 01426nam a2200289 a 4500 001 000000143346 003 CaOOAMICUS 005 20150518112739.0 008 150518s2003 it u000 u ita r 020 $z882155029X* 040 $aPUL$bita 082 04$a344.0419 245 03$aIl confronto interculturale: dibattiti bioetici e pratiche giuridiche :$bbioetica, diritti umani e multietnicitą /$cFrancesco Compagnoni, Francesco D'Agostino (edd.) ; a cura di Laura Palazzani. 260 $aCinisello Balsamo :$bSan Paolo,$c2003. 300 $a440 p. ;$c21 cm 650 4$aBioetica$xDiritto.$0(OLS)http://pul/subject/34224 700 1 $aD'Agostino, Francesco,$d1946-$0(OLS)http://pul/name/10086 700 1 $aCompagnoni, Francesco,$cO.P.,$d1941-$0(OLS)http://pul/name/26297 700 1 $aPalazzani, Laura,$d1964-$0(OLS)http://pul/name/35611 850 $aPUL 852 $aPUL$W1$xSL Diritto e Scienze Sociali 3$y79$m344. 0419 COMFR 1$j165465$qDDC 21$B165730$CPULBib$Z2$F165730 $H125806 $82 941 1 $a9 996 $6020$z882155029X*$9(OLS)http://pul/number/157545 996 $6082$a344.0419$9(OLS)http://pul/classification/2021 996 $6245$aIl confronto interculturale: dibattiti bioetici e pratiche giuridiche :$bbioetica, diritti umani e multietnicitą$9(OLS)http://pul/title/181390 996 $6260$aCinisello Balsamo :$bSan Paolo$9(OLS)http://pul/publisher/54577